000 00861nam a2200277 i 4500
003 DO-SdBNP
005 20240415115003.0
007 ta
008 240415s2023 dr 000 j spa d
020 _a9789945637199
040 _aDO-SdBNP
_bspa
_cBNPHU
_erda
082 _bG633
_222
100 _aGómez Beras, Carlos Roberto,
_d1959-
_96916
245 1 3 _aLa espina que florece /
_cCarlos Roberto Gómez Beras
264 4 _aSan Juan, Puerto Rico :
_bIsla Negra,
_bCallejón,
_c©2023.
264 3 _bBúho,
300 _a87 páginas,
_c22 cm.
336 _2rdacontent
_atexto
_btxt
337 _2rdamedia
_asin mediación
_bn
338 _2rdacarrier
_avolumen
_bnc
490 1 _aFilo de juego
500 _aIncluye datos biografícos del autor en la solapa de la portada.
590 _aInventariado, 2024/ YL
910 _aYLockward
942 _2ddc
_cLBS1
999 _c56407
_d56407